000 00393cam a2200169ua 4500
020 _c1.00
041 _ahin
_h
082 _a891.43
_bTOL/PR
100 _aTolstoy, Leo.
245 _aPrem ya vasana /
_cTolstoy.
_hTextual Documents
260 _a :
_bHind Pocket Books Pvt Ltd ,
_c1964.
300 _a140 ; .
365 _a1.00
504 _a
942 _cBK
999 _c12495
_d12495